Среда нашего обитания. Кн. 2: Загрязнение воды и воздуха (Запись № 11568993)

Подробности
000 -МАРКЕР
контрольное поле 01287nam2a2200301 4500
001 - ИДЕНТИФИКАТОР ЗАПИСИ
контрольное поле RU\NLR\BIBL_A\011413216
005 - ИДЕНТИФИКАТОР ВЕРСИИ
контрольное поле 20250626062144.0
010 ## - МЕЖДУНАРОДНЫЙ СТАНДАРТНЫЙ НОМЕР КНИГИ (ISBN)
Номер (ISBN) 5-03-002895-1
Тираж 20000
035 ## - ДРУГИЕ СИСТЕМНЫЕ НОМЕРА
Идентификатор записи (NLR Aleph) 011413216
100 ## - ДАННЫЕ ОБЩЕЙ ОБРАБОТКИ
Данные общей обработки 20170622d1995 |||y0rusy50 ca
101 1# - ЯЗЫК РЕСУРСА
Язык текста, звукозаписи и т.д. русский
Язык оригинала английский
102 ## - СТРАНА ПУБЛИКАЦИИ ИЛИ ПРОИЗВОДСТВА
Страна публикации Российская Федерация
105 ## - ПОЛЕ КОДИРОВАННЫХ ДАННЫХ: ТЕКСТОВЫЕ МАТЕРИАЛЫ, МОНОГРАФИЧЕСКИЕ
Кодированные данные о монографическом текстовом документе ab||z|||001zy
200 1# - ЗАГЛАВИЕ И СВЕДЕНИЯ ОБ ОТВЕТСТВЕННОСТИ
Основное заглавие Загрязнение воды и воздуха
Первые сведения об ответственности пер. Л.В. Самсоненко
210 ## - ПУБЛИКАЦИЯ, РАСПРОСТРАНЕНИЕ И ДР.
Дата издания, распространения и т.д. 1995
Место издания, распространения и т.д. Б. м.
215 ## - ФИЗИЧЕСКАЯ ХАРАКТЕРИСТИКА
Специфическое обозначение материала и объем 296 с.
Другие сведения о физической характеристике ил., карт.
320 ## - ПРИМЕЧАНИЯ О НАЛИЧИИ В ДОКУМЕНТЕ БИБЛИОГРАФИИ / УКАЗАТЕЛЯ
Текст примечания Предм. указ.: с. 291-296
461 #0 - УРОВЕНЬ НАБОРА
Встроенное поле 001RU\NLR\BIBL_A\011413218
-- 2001#$aСреда нашего обитания$eв 4 кн.$eпер. с англ.$vКн. 2
-- 700#1$aРевелль$bП.$gПенелопа
Системный номер (АБИС) связанной записи 11569006
Автор Ревелль, П.
Место публикации Москва
Дата публикации 1994
Имя издателя, распространителя и т.д. Мир
Сведения, относящиеся к заглавию в 4 кн. : пер. с англ.
Заглавие Среда нашего обитания
ISBN 5030028935
Номер тома Кн. 2
606 1# - НАИМЕНОВАНИЕ ТЕМЫ КАК ПРЕДМЕТ
Наименование темы Воздух
Тематический подзаголовок Загрязнение
Системный номер авторитетной/нормативной записи 949414
Идентификатор авторитетной/нормативной записи RU\NLR\AUTH\6633942
606 1# - НАИМЕНОВАНИЕ ТЕМЫ КАК ПРЕДМЕТ
Наименование темы Вода
Тематический подзаголовок Загрязнение
Системный номер авторитетной/нормативной записи 1257217
Идентификатор авторитетной/нормативной записи RU\NLR\AUTH\66198271
686 1# - ИНДЕКСЫ ДРУГИХ КЛАССИФИКАЦИЙ
Индекс Р121.14
686 1# - ИНДЕКСЫ ДРУГИХ КЛАССИФИКАЦИЙ
Индекс Р121.15
852 ## - МЕСТОНАХОЖДЕНИЕ И ШИФР ХРАНЕНИЯ
Идентификатор организации NLR
Шифр хранения (Call Number) 95-5/771
942 ## - ДОПОЛНИТЕЛЬНЫЕ ЭЛЕМЕНТЫ ЗАПИСИ (АБИС)
Тип экземпляра АБИС Книга
980 ## - КОЛЛЕКЦИЯ
Название коллекции Национальная библиография
Экземпляры
Тип экземпляра Дата поступления Стоимость Библиотека постоянного хранения Библиотека текущего хранения Место хранения Шифр хранения Штрих-код Статус экземпляра
Книга 10.07.2017 0.00 РНБ (Фонтанка) РНБ (Фонтанка) Юношеский читальный зал Ю Б1/Р-32 1-346818